000 00253nam a2200097Ia 4500
008 220216s9999 xx 000 0 und d
245 0 _aTyre industry: On to the fast lane
260 _bIndian Rubber and Plastics Age
_c1995
300 _a17-24
942 _cJS
999 _c71662
_d71662